000 02017nam a2200541 i 4500
001 25890
003 KOSZ 005
005 20200902112723.0
008 200902s1969 pl a f 000 0 pol
015 _aUWD B 1969/422
035 _a991036878729705066
035 _a(PL-WaBN)b19898228-48omnis_nlop
035 _ab19898228
035 _a(OCoLC)830888150
035 _a(PL)b0000001989822
035 _a(EXLNZ-48OMNIS_NETWORK)9910407795605606
040 _aWA N
_cWA N
_dKOSZ 005/RW
046 _k1969
080 _a621.38
080 _a538
080 _a543.5
100 1 _aJabłoński, Ryszard
_c(elektronik)
_eAutor
245 1 0 _aElektronowy rezonans paramagnetyczny Mn²+ w CdF₂ /
_cRyszard Jabłoński ; Instytut Technologii Elektronowej przy Naukowo-Produkcyjnym Centrum Półprzewodników.
260 _aWarszawa :
_b"Wema",
_c1969.
300 _a7 stron :
_bilustracje ;
_c24 cm.
336 _aTekst
_btxt
_2rdacontent
337 _aBez urządzenia pośredniczącego
_bn
_2rdamedia
338 _aWolumin
_bnc
_2rdacarrier
380 _aKsiążki
380 _aPublikacje fachowe
388 1 _a1901-2000
388 1 _a1945-1989
490 1 _aPrace Instytut Technologii Elektronowej ;
_v28
504 _aBibliografia na stronie 7.
506 _aNa prawach rękopisu, do użytku wewnętrznego.
650 7 _aRezonans paramagnetyczny elektronowy
650 7 _aKryształy
650 7 _aPomiary
655 7 _aOpracowanie
658 _aInżynieria i technika
658 _aFizyka i astronomia
710 2 _aCentrum Naukowo-Produkcyjne Półprzewodników i Mikroelektroniki.
_bInstytut Technologii Elektronowej
710 2 _aWydawnictwa Przemysłu Maszynowego "Wema"
_4pbl
830 0 _aPrace Instytutu Technologii Elektronowej CEMI
_v28
856 _uhttp://koha.tu.koszalin.pl/cgi-bin/koha/opac-detail.pl?biblionumber=25890
_yKatalog online BPK
942 _2UKD
_cKS
999 _c25890
_d25890